000 00633nam a2200229Ia 4500
003 OSt
005 20221005113956.0
006 a|||||r|||| 00| 0
007 ta
008 221004b |||||||| |||| 00| 0 mal d
024 _a62341
037 _cTextual
040 _aCRL
_cCRL
_bmal
041 _2mal
_amal
082 _aP15,C4x1,4, 32H8
100 _aPanickar Pandithar Karunapcara Au.
_9625265
245 0 _aAmara saram or pasyaya nanasdha bodhim
260 _c1948
650 _aLINGUISTICS
942 _hP15,C4x1,4, 32H8
_cTEXL
_2cc
999 _c1029929
_d1029929